Score 0/24 Timer 08:00
6 Plays Today
% Correct
Alice in Wonderland
92%
Raiders of the Lost Ark
91.1%
Brokeback Mountain
88.2%
Space Jam
85.4%
Kill Bill: Vol. 1
83.9%
Ghostbusters
81.8%
Breakfast at Tiffany's
81.8%
Cast Away
80.9%
Up in the Air
79.9%
Beetlejuice
78.3%
Real Steel
77.1%
Die Hard
76%
% Correct
Guardians of the Galaxy
75.5%
The Social Network
74.4%
The Ring
73.9%
Gladiator
73.3%
Austin Powers: International Man of Mystery
70.6%
Superbad
68%
The Incredibles
66.5%
Good Will Hunting
63.5%
The Big Lebowski
59.9%
Zoolander
58.9%
Kindergarten Cop
58.7%
Edward Scissorhands
52.5%
Remove Ads.
Support Sporcle.
Get the best of Sporcle when you Go Orange. This ad-free experience offers more features, more stats, and more fun while also helping to support Sporcle. Thank you for becoming a member.

You're not logged in!

Compare scores with friends on all Sporcle quizzes.
OR
Log In

Show Comments

Extras

Top Quizzes Today


Score Distribution

Your Account Isn't Verified!

In order to create a playlist on Sporcle, you need to verify the email address you used during registration. Go to your Sporcle Settings to finish the process.

Report this User

Report this user for behavior that violates our Community Guidelines.

Details: